000 00628cam a2200181 i 4500
005 20251125104306.0
008 250721s2006 ua gr 000 0 ara d
082 1 4 _a211.63
_bش ن ا
100 1 _aالشناوي، عبد العزيز
_eمؤلف.
245 1 2 _aالبرهان على إعجاز القرآن /
_cعبد العزيز الشناوي.
250 _aالطبعة الثانية.
264 3 1 _aالمنصورة :
_bمكتبة الايمان،
_c2006.
300 _a639 صفحة.
650 1 7 _aالقرآن الكريم.
650 1 7 _aإعجاز القرآن.
942 _2ddc
_cBK
999 _c102760
_d102760